| 000 | 00711nam a2200253Ia 4500 | ||
|---|---|---|---|
| 003 | OSt | ||
| 005 | 20220918215853.0 | ||
| 006 | a|||||r|||| 00| 0 | ||
| 007 | ta | ||
| 008 | 220917b |||||||| |||| 00| 0 eng d | ||
| 024 | _a143,122 | ||
| 037 | _cTextual | ||
| 040 |
_aARTS _cARTS _beng |
||
| 041 |
_2eng _aeng |
||
| 082 | _aY15:3.58, M5 | ||
| 100 |
_aEngel Barbara Alpern _9135612 |
||
| 245 | 0 | _aMothers and daughters in nineteenth century Russia | |
| 260 |
_aCambridge _bCambridge University Press _c1985 |
||
| 300 |
_ax,230p. _ccm. |
||
| 500 | _aBibliography p226-227 | ||
| 650 | _aSOCIOLOGY | ||
| 942 |
_hY15:3.58, M5 _cTEXL _2CC |
||
| 999 |
_c266075 _d266075 |
||